000 00345nam a2200145Ia 4500
008 230711s9999||||xx |||||||||||||| ||und||
041 _aENG
082 _a800
_bSA-K
100 _aSarma,Muukuth
245 0 _aKashmir te sikh (Punjab)
250 _a1st Ed.
260 _c1995
_aNew Delhi
_bNavug Publications
650 _aLiterature
942 _cBK
999 _c3702
_d3702